Los precios del suelo en el país valenciano / (Record no. 118845)

MARC details
000 -LEADER
campo de control de longitud fija 00643nam a2200193 4500
001 - NÚMERO DE CONTROL
campo de control 118845
003 - IDENTIFICADOR DE NÚMERO DE CONTROL
campo de control ES-MaACL
005 - FECHA Y HORA DE LA ÚLTIMA TRANSACCIÓN
campo de control 20251120063140.0
007 - CAMPO FIJO DE DESCRIPCIÓN FÍSICA--INFORMACIÓN GENERAL
campo de control de longitud fija t|
008 - DATOS DE LONGITUD FIJA--INFORMACIÓN GENERAL
campo de control de longitud fija 070214s1973 sp r ||||1| spa d
100 1# - ENTRADA PRINCIPAL--NOMBRE DE PERSONA
Nombre de persona Pérez Casado, Ricard,
Fechas asociadas al nombre 1945-
9 (RLIN) 90714
245 14 - MENCIÓN DEL TÍTULO
Título Los precios del suelo en el país valenciano /
Mención de responsabilidad, etc. por Ricardo Pérez Casado y Jaume Avellá Roig.
260 ## - PUBLICACIÓN, DISTRIBUCIÓN, ETC.
Lugar de publicación, distribución, etc. Valencia :
Nombre del editor, distribuidor, etc. Banco Industrial de Cataluña,
Fecha de publicación, distribución, etc. 1973.
300 ## - DESCRIPCIÓN FÍSICA
Extensión 168 p. ;
Dimensiones 24 cm.
700 1# - ENTRADA AGREGADA--NOMBRE PERSONAL
Nombre de persona Avellá Roig, Jaume.
9 (RLIN) 24004
710 2# - ENTRADA AGREGADA--NOMBRE DE ENTIDAD CORPORATIVA
Nombre de entidad corporativa o nombre de jurisdicción como elemento de entrada Banco Industrial de Cataluña.
9 (RLIN) 2133
852 ## - LOCALIZACIÓN
Ubicación ES-MaACL
Número de control de estantería C-55082
Sublocalización o colección R.87787
Holdings
Estatus retirado Estado de pérdida Estado de daño No para préstamo Biblioteca de origen Biblioteca actual Ubicación en estantería Fecha de adquisición Fuente de adquisición Total de préstamos Signatura topográfica completa Código de barras Visto por última vez Precio de reemplazo Tipo de ítem Koha
        Biblioteca del Ateneo de Madrid Biblioteca del Ateneo de Madrid Depósito 2 17/01/2008     C-55082 1123896 23/02/2023 23/02/2023 Libro impreso